| 000 | 00430nam a2200121Ia 4500 | ||
|---|---|---|---|
| 008 | 220620s9999||||xx |||||||||||||| ||und|| | ||
| 100 | _aDeverell, William | ||
| 245 | 0 |
_aWater and Los Angeles _bA Tale of Three Rivers, 1900–1941 |
|
| 546 | _aEnglish[eng] | ||
| 650 | _aHistory||United States||General||Nature||General | ||
| 856 | _uhttps://library.oapen.org/bitstream/20.500.12657/43692/1/external_content.epub | ||
| 942 | _cEB | ||
| 999 |
_c31371 _d31371 |
||